LIBRARY & INFORMATION CENTRE, KCAET, TAVANUR

ONLINE PUBLIC ACCESS CATALOGUE (OPAC)

Malayile manka / (Record no. 3617)

MARC details
000 -LEADER
fixed length control field 00433cam a2200169ua 4500
041 ## - LANGUAGE CODE
Language code of text/sound track or separate title mal
082 ## - DEWEY DECIMAL CLASSIFICATION NUMBER
Classification number 894.812308
Item number PAR/MA
100 ## - MAIN ENTRY--AUTHOR NAME
Personal name Parameswaran, Pillai Erumely.
245 ## - TITLE STATEMENT
Title Malayile manka /
260 ## - PUBLICATION, DISTRIBUTION, ETC. (IMPRINT)
Place of publication Champakulam :
Name of publisher B.K.M Book Depot ,
Year of publication 1963.
300 ## - PHYSICAL DESCRIPTION
Number of Pages 178 ; .
942 ## - ADDED ENTRY ELEMENTS (KOHA)
Koha item type Books
Holdings
Withdrawn status Lost status Damaged status Home library Current library Date acquired Full call number Accession Number Koha item type
Withdrawn     KAUAET Malayalam University 07/04/2012 894.812308 PAR/MA 894 Books
free website counter